000 00612nam a2200205Ia 4500
008 140626s9999 xx 000 0 und d
100 _aLandmark, Bjorg.
245 _aPain and persistent pain in nursing home residents in Norway /
_cBjorg Landmark ... [et al.].
260 _cc2013.
300 _a6 : 1, page 47
440 _aResearch in Gerontological Nursing
521 _aNUR
650 _aNorway.
650 _aNursing home residents.
650 _aPain/persistent pain.
650 _aPatient assistance strategies.
650 _aPatient care.
650 _aVariations/patterns.
942 _cSE
999 _c121452
_d121452